Apostles of Jesus - Sudden Death - Statistics

General Stats
  • This quiz has been taken 3,881 times
  • The average score is 5 of 12
Answers on the Grid
Answers color-coded by a green-red scale on the quiz's grid according to % correct below.
Abraham
Andrew
Barabbas
Bartholomew
Daniel
Isaac
Isaiah
Jacob
James son of Alphaeus
James son of Zebedee
John
Jonah
Judas Iscariot
Luke
Mark
Matthew
Moses
Peter
Philip
Samuel
Silas
Simon
Thaddaeus
Thomas
 
Answer Stats
Answer % Correct
Judas Iscariot
56%
John
53%
Andrew
51%
Bartholomew
47%
Matthew
47%
Peter
43%
Simon
43%
James son of Zebedee
42%
Thomas
38%
James son of Alphaeus
35%
Philip
31%
Thaddaeus
28%
No matching quizzes found
Score Distribution
Percent of People with Each Score
Percentile by Number Answered
Your Score History
You have not taken this quiz